000 00466nam a2200157Ia 4500
999 _c6222
_d6222
020 _a9788178242330
082 _a320.954 GUP-P
100 _aGupta, Partha Sarathi
245 0 _aPower, politics and the people: studies in British imperialism and Indian nation
260 _aRanikhet
_bPermanent Black
_c2008
300 _aviii, 528
504 _aincludes index
650 _aPolitical culture
_vIndia
_vHistory
650 _aNationalism
_vIndia
_vHistory
942 _cBK